[Event "ENG-ch Chessable"]
[Site "Kenilworth"]
[Date "2022.05.22"]
[Round "7"]
[White "Hepworth, Peter"]
[Black "Herring, Samuel"]
[Result "0-1"]
[WhiteElo "1843"]
[BlackElo "1900"]
[PlyCount "134"]
[EventDate "2022.05.19"]
[EventType "swiss"]
[EventRounds "7"]
[EventCountry "ENG"]
[SourceTitle "CBM 208 Extra"]
[Source "ChessBase"]
[SourceDate "2022.07.31"]
[SourceVersion "1"]
[SourceVersionDate "2022.07.31"]
[SourceQuality "1"]

1. d4 d5 2. Nf3 Nf6 3. e3 c5 4. b3 cxd4 5. exd4 Nc6 6. Be2 Bf5 7. a3 e6 8. 0-0 Bd6 9. c4 0-0 10. c5 Bc7 11. b4 e5 12. dxe5 Nxe5 13. Nd4 Qd7 14. f3 a6 15. Nc3 Nc4 16. Bd3 Bg6 17. Bxg6 hxg6 18. Nce2 Rfe8 19. Qd3 b6 20. c6 Qe7 21. Ra2 b5 22. g3 Bb6 23. Kg2 Rac8 24. Rc2 Kf8 25. g4 Ne3+ 26. Bxe3 Qxe3 27. Qxe3 Rxe3 28. Ra1 Rd3 29. a4 Bxd4 30. axb5 axb5 31. Ra5 Ke7 32. g5 Nh5 33. Nxd4 Rxd4 34. Ra7+ Ke6 35. Re2+ Kf5 36. Rxf7+ Kxg5 37. Re5+ Kh6 38. c7 Nf6 39. Ree7 Rxb4 40. Rxg7 Rc4 41. Rgf7 Rc6 42. f4 b4 43. Re3 R8xc7 44. Rf8 Rc2+ 45. Kg3 Nh5+ 46. Kf3 R2c3 47. Rb8 Rxe3+ 48. Kxe3 Rc4 49. Rb5 Nxf4 50. h4 Re4+ 51. Kf3 Kh5 52. Kg3 g5 53. hxg5 Kxg5 54. Kf3 Rc4 55. Ke3 Kf5 56. Rb8 Re4+ 57. Kd2 Ke5 58. Rb7 Rc4 59. Rb8 Kd4 60. Rb7 Ne6 61. Rb8 Nc5 62. Rb6 Ne4+ 63. Kd1 Kc3 64. Rh6 d4 65. Rh2 Kb3 66. Rh4 Nc5 67. Rh2 Ka3 0-1

[Event "ENG-ch Chessable"]
[Site "Kenilworth"]
[Date "2022.05.20"]
[Round "3"]
[White "Wells, Daniel J"]
[Black "Herring, Samuel"]
[Result "1/2-1/2"]
[WhiteElo "2020"]
[BlackElo "1900"]
[PlyCount "63"]
[EventDate "2022.05.19"]
[EventType "swiss"]
[EventRounds "7"]
[EventCountry "ENG"]
[SourceTitle "CBM 208 Extra"]
[Source "ChessBase"]
[SourceDate "2022.07.31"]
[SourceVersion "1"]
[SourceVersionDate "2022.07.31"]
[SourceQuality "1"]

1. e4 c6 2. d4 d5 3. e5 c5 4. Nf3 cxd4 5. Nxd4 Nc6 6. c4 e6 7. Nc3 Bb4 8. Nxc6 bxc6 9. Qa4 a5 10. a3 Bxc3+ 11. bxc3 Ne7 12. Be3 0-0 13. Bd3 Ba6 14. 0-0 Bxc4 15. Bxc4 dxc4 16. Bc5 Re8 17. Rfd1 Nd5 18. Qxc4 Qg5 19. Re1 Qd2 20. Bd4 Rec8 21. Rad1 Qb2 22. Qc5 Nf4 23. g3 Ne2+ 24. Kg2 Nxd4 25. Rxd4 Qb5 26. Qe7 c5 27. Rd7 Rf8 28. Red1 Qc6+ 29. Kg1 Rab8 30. Rc7 Qf3 31. Qd6 g6 32. Qd3 1/2-1/2

[Event "GBR-ch Major 103rd"]
[Site "Bournemouth"]
[Date "2016.08.04"]
[Round "10"]
[White "Wilson, Matthew R"]
[Black "Herring, Samuel"]
[Result "1/2-1/2"]
[WhiteElo "1772"]
[BlackElo "1889"]
[PlyCount "95"]
[EventDate "2016.07.25"]
[EventType "swiss"]
[EventRounds "11"]
[EventCountry "ENG"]
[SourceTitle "CBM 173 Extra"]
[Source "ChessBase"]
[SourceDate "2016.08.29"]
[SourceVersion "1"]
[SourceVersionDate "2016.08.29"]
[SourceQuality "1"]

1. Nf3 d5 2. e3 Nf6 3. c4 c6 4. d4 Bf5 5. b3 e6 6. Be2 h6 7. 0-0 Nbd7 8. Bb2 Bd6 9. Nbd2 0-0 10. Ne5 c5 11. f4 cxd4 12. exd4 g5 13. fxg5 hxg5 14. Ng4 Kg7 15. Nxf6 Nxf6 16. Nf3 Ng4 17. Bc1 f6 18. Bd3 Be4 19. h3 Bxf3 20. Qxf3 dxc4 21. bxc4 Bh2+ 22. Kh1 Qxd4 23. Qxb7+ Rf7 24. Qxa8 Qxd3 25. Qf3 Qxf3 26. Rxf3 Be5 27. Rb1 Rd7 28. Ba3 Nh6 29. g4 f5 30. Bb2 Bxb2 31. Rxb2 Rd1+ 32. Kg2 fxg4 33. hxg4 Rd4 34. Rb7+ Kg6 35. Rc3 Rd2+ 36. Kf3 Rxa2 37. c5 Nf7 38. Rxf7 Kxf7 39. c6 Rh2 40. Kg3 Rh8 41. Ra3 Ra8 42. c7 Ke7 43. Rxa7 Rc8 44. Kf3 Kd6 45. Ke4 Rf8 46. Ke3 Rc8 47. Ke4 Rf8 48. Ke3 1/2-1/2

[Event "GBR-ch Major 103rd"]
[Site "Bournemouth"]
[Date "2016.07.30"]
[Round "6"]
[White "Foster, Timothy"]
[Black "Herring, Samuel"]
[Result "0-1"]
[WhiteElo "1839"]
[BlackElo "1889"]
[PlyCount "45"]
[EventDate "2016.07.25"]
[EventType "swiss"]
[EventRounds "11"]
[EventCountry "ENG"]
[SourceTitle "CBM 173 Extra"]
[Source "ChessBase"]
[SourceDate "2016.08.29"]
[SourceVersion "1"]
[SourceVersionDate "2016.08.29"]
[SourceQuality "1"]

1. Nf3 d5 2. c4 d4 3. g3 Nc6 4. Bg2 e5 5. d3 Bb4+ 6. Bd2 a5 7. 0-0 Nf6 8. e3 0-0 9. exd4 Nxd4 10. Nxd4 Qxd4 11. Bc3 Qd6 12. Re1 Re8 13. d4 Bg4 14. f3 exd4 15. Rxe8+ Rxe8 16. fxg4 dxc3 17. Qxd6 cxb2 18. Qd4 Bc5 19. Qxc5 bxa1Q 20. Qf5 Re1+ 21. Kf2 Qxb1 22. Qxa5 Nxg4+ 23. Kf3 0-1

[Event "GBR-ch Major 103rd"]
[Site "Bournemouth"]
[Date "2016.07.26"]
[Round "2"]
[White "Bullock, Lee"]
[Black "Herring, Samuel"]
[Result "0-1"]
[WhiteElo "1572"]
[BlackElo "1889"]
[PlyCount "56"]
[EventDate "2016.07.25"]
[EventType "swiss"]
[EventRounds "11"]
[EventCountry "ENG"]
[SourceTitle "CBM 173 Extra"]
[Source "ChessBase"]
[SourceDate "2016.08.29"]
[SourceVersion "1"]
[SourceVersionDate "2016.08.29"]
[SourceQuality "1"]

1. Nf3 d5 2. d4 Nf6 3. c4 c6 4. Nc3 e6 5. Bf4 dxc4 6. a4 Bb4 7. Qc2 b5 8. e3 Nbd7 9. Be2 Bb7 10. 0-0 a6 11. Rfd1 0-0 12. Nd2 Nd5 13. Bg3 Nxc3 14. bxc3 Be7 15. Rdb1 Qc8 16. Qb2 Ra7 17. Ne4 Ba8 18. Nd6 Bxd6 19. Bxd6 Rd8 20. Be7 Re8 21. Bd6 e5 22. dxe5 Nxe5 23. Rd1 Qe6 24. Rd4 f5 25. Qd2 c5 26. Bxc5 Qc6 27. Rd5 Rd7 28. axb5 Qxd5 0-1

[Event "London Classic CSC op U2000 7th"]
[Site "London"]
[Date "2015.12.06"]
[Round "4"]
[White "Herring, Samuel"]
[Black "Robinson, James M"]
[Result "1-0"]
[WhiteElo "1908"]
[BlackElo "1802"]
[PlyCount "63"]
[EventDate "2015.12.04"]
[EventType "swiss"]
[EventRounds "5"]
[EventCountry "ENG"]
[SourceTitle "CBM 169 Extra"]
[Source "ChessBase"]
[SourceDate "2015.12.18"]
[SourceVersion "1"]
[SourceVersionDate "2015.12.18"]
[SourceQuality "1"]

1. d4 Nf6 2. Bg5 Ne4 3. Bf4 c5 4. f3 Nf6 5. d5 Qb6 6. Nc3 Qxb2 7. Bd2 Qb6 8. e4 d6 9. f4 e6 10. Nf3 Be7 11. Rb1 Qd8 12. Bb5+ Kf8 13. a4 exd5 14. exd5 Bf5 15. 0-0 Nbd7 16. Re1 a6 17. Bc4 Rb8 18. h3 h5 19. Rb2 Ne8 20. Qe2 Bf6 21. Reb1 Qc8 22. Bd3 Bxd3 23. Qxd3 Nc7 24. Qc4 g6 25. Rb3 Be7 26. a5 Na8 27. Na4 Bd8 28. Bc3 Rg8 29. Ng5 Bxg5 30. fxg5 b5 31. axb6 Naxb6 32. Nxb6 1-0

[Event "GBR-ch Major 102nd"]
[Site "Coventry"]
[Date "2015.07.30"]
[Round "4"]
[White "Herring, Samuel"]
[Black "Jackson, Oliver A"]
[Result "1/2-1/2"]
[WhiteElo "1773"]
[BlackElo "2132"]
[PlyCount "89"]
[EventDate "2015.07.27"]
[EventType "swiss"]
[EventRounds "11"]
[EventCountry "ENG"]
[SourceTitle "CBM 167 Extra"]
[Source "ChessBase"]
[SourceDate "2015.09.14"]
[SourceVersion "1"]
[SourceVersionDate "2015.09.14"]
[SourceQuality "1"]

1. d4 Nf6 2. c4 c5 3. d5 b5 4. cxb5 a6 5. f3 g6 6. e4 d6 7. Na3 Bg7 8. Ne2 0-0 9. Nc3 Nbd7 10. Be2 axb5 11. Naxb5 Ba6 12. 0-0 Qb6 13. Be3 Rfb8 14. a4 Ne8 15. Qd2 Nc7 16. Rfb1 Qa5 17. Nxc7 Qxc7 18. Nb5 Qb7 19. Qc2 Rc8 20. Rc1 c4 21. Nd4 Nc5 22. Rd1 Nb3 23. Rab1 Na5 24. Kh1 Rc7 25. Bd2 Nb3 26. Bc3 Nxd4 27. Bxd4 Bxd4 28. Rxd4 Rac8 29. Qc3 Rc5 30. h3 Qd7 31. Ra1 Qc7 32. Rc1 Qd7 33. Ra1 e5 34. dxe6 fxe6 35. Rad1 d5 36. exd5 exd5 37. f4 Rd8 38. Bg4 Qf7 39. Qf3 h5 40. Qa3 Rc7 41. Bf3 Bb7 42. a5 Kh7 43. Qb4 Rcd7 44. Qd2 Qf6 45. Re1 1/2-1/2

[Event "GBR-ch Major 102nd"]
[Site "Coventry"]
[Date "2015.07.27"]
[Round "1"]
[White "Talbot, Mark"]
[Black "Herring, Samuel"]
[Result "1-0"]
[WhiteElo "2019"]
[BlackElo "1773"]
[PlyCount "105"]
[EventDate "2015.07.27"]
[EventType "swiss"]
[EventRounds "11"]
[EventCountry "ENG"]
[SourceTitle "CBM 167 Extra"]
[Source "ChessBase"]
[SourceDate "2015.09.14"]
[SourceVersion "1"]
[SourceVersionDate "2015.09.14"]
[SourceQuality "1"]

1. c4 e5 2. g3 Nf6 3. Bg2 Nc6 4. Nc3 Bb4 5. Nd5 Bc5 6. d3 h6 7. Nf3 d6 8. a3 a5 9. 0-0 0-0 10. e3 Ba7 11. Rb1 Be6 12. Nd2 Bxd5 13. cxd5 Ne7 14. Qb3 Qd7 15. Ne4 Nxe4 16. Bxe4 f5 17. Bg2 Ng6 18. Bh3 Qe7 19. Qd1 Qg5 20. e4 f4 21. Qg4 Qxg4 22. Bxg4 Rf6 23. Kg2 Raf8 24. f3 Kh8 25. Bd2 Bb6 26. Rbc1 fxg3 27. hxg3 Ne7 28. Rh1 Kg8 29. Be6+ Rxe6 30. dxe6 Rf6 31. Be1 Rxe6 32. Bf2 Bxf2 33. Kxf2 c5 34. f4 Nc6 35. f5 Rf6 36. g4 g5 37. Ke3 Kg7 38. Rh2 b6 39. Rch1 Kh7 40. Kd2 Kg7 41. Kc3 b5 42. a4 b4+ 43. Kc4 Nd4 44. Kd5 Nf3 45. Rxh6 Rxh6 46. Rxh6 Kxh6 47. Kxd6 Nd4 48. Kxe5 Kg7 49. Kd6 Kf6 50. e5+ Kf7 51. Kd7 Nxf5 52. gxf5 g4 53. e6+ 1-0

[Event "Birmingham 4NCL op-B 3rd"]
[Site "Birmingham"]
[Date "2015.07.19"]
[Round "4"]
[White "Herring, Samuel"]
[Black "Graham, Neil"]
[Result "1-0"]
[WhiteElo "1773"]
[BlackElo "1856"]
[PlyCount "69"]
[EventDate "2015.07.17"]
[EventType "swiss"]
[EventRounds "5"]
[EventCountry "ENG"]
[SourceTitle "CBM 167 Extra"]
[Source "ChessBase"]
[SourceDate "2015.09.14"]
[SourceVersion "1"]
[SourceVersionDate "2015.09.14"]
[SourceQuality "1"]

1. d4 d5 2. c4 Bf5 3. Nc3 e6 4. Nf3 Nf6 5. Qb3 Nc6 6. Bg5 dxc4 7. Qxc4 h6 8. Bxf6 gxf6 9. e3 Nb4 10. 0-0-0 c6 11. e4 Bg6 12. a3 Na6 13. d5 Qb6 14. dxc6 Rc8 15. Qb5 Rxc6 16. Qxb6 Rxb6 17. Bb5+ Rxb5 18. Nxb5 Bxe4 19. Rhg1 h5 20. Nd6+ Bxd6 21. Rxd6 Ke7 22. Rd4 Rc8+ 23. Kd1 Bh7 24. Ke2 e5 25. Rd2 Nb8 26. Rgd1 Rc5 27. Rd8 Nc6 28. R8d7+ Ke8 29. Rxb7 Be4 30. Kf1 Bxf3 31. gxf3 Nd4 32. Kg2 Rc2 33. Rd3 Ne2 34. Kf1 Nf4 35. Rc3 1-0

[Event "Birmingham 4NCL op-B 3rd"]
[Site "Birmingham"]
[Date "2015.07.19"]
[Round "5"]
[White "Taylor, Robert Keith"]
[Black "Herring, Samuel"]
[Result "1/2-1/2"]
[WhiteElo "1970"]
[BlackElo "1773"]
[PlyCount "42"]
[EventDate "2015.07.17"]
[EventType "swiss"]
[EventRounds "5"]
[EventCountry "ENG"]
[SourceTitle "CBM 167 Extra"]
[Source "ChessBase"]
[SourceDate "2015.09.14"]
[SourceVersion "1"]
[SourceVersionDate "2015.09.14"]
[SourceQuality "1"]

1. e4 e6 2. d4 d5 3. Nc3 dxe4 4. Nxe4 Bd7 5. Nf3 Bc6 6. Nc3 Nf6 7. Ne5 Be7 8. Nxc6 Nxc6 9. Bb5 Qd6 10. 0-0 0-0-0 11. Bxc6 Qxc6 12. Qe2 Kb8 13. Be3 h5 14. Qb5 Qxb5 15. Nxb5 a6 16. Nc3 Nd5 17. Ne2 h4 18. c3 g5 19. Rae1 Rhg8 20. Nc1 Bd6 21. Bd2 Rg6 1/2-1/2

[Event "BCF-chT3S 1415 (4NCL)"]
[Site "England"]
[Date "2015.01.10"]
[Round "3.166"]
[White "Wallis, Ian J"]
[Black "Herring, Samuel"]
[Result "1-0"]
[WhiteElo "2009"]
[BlackElo "1851"]
[PlyCount "67"]
[EventDate "2014.11.15"]
[EventType "team-swiss"]
[EventRounds "6"]
[EventCountry "ENG"]
[SourceTitle "EXT 2016"]
[Source "ChessBase"]
[SourceDate "2015.10.08"]
[SourceVersion "1"]
[SourceVersionDate "2015.10.08"]
[SourceQuality "1"]
[WhiteTeam "Anglian Avengers II"]
[BlackTeam "Celtic Tigers II"]
[WhiteTeamCountry "ENG"]
[BlackTeamCountry "ENG"]

1. e4 e6 2. d4 d5 3. Nd2 Nf6 4. e5 Nfd7 5. Bd3 c5 6. c3 Nc6 7. Ne2 cxd4 8. cxd4 f6 9. exf6 Nxf6 10. 0-0 Bd6 11. Nf3 Qc7 12. Bg5 0-0 13. Bh4 Nh5 14. Rc1 Rxf3 15. gxf3 Bxh2+ 16. Kh1 Nf4 17. Bg3 Bxg3 18. Nxg3 Qe7 19. Re1 Qh4+ 20. Kg1 Nh3+ 21. Kg2 Nf4+ 22. Kg1 Nxd4 23. Bf1 Bd7 24. Rc7 Rd8 25. Rxb7 h5 26. Re4 Nf5 27. Nxf5 exf5 28. Rxf4 Qg5+ 29. Bg2 Qxf4 30. Qxd5+ Kh7 31. Rxd7 Qc1+ 32. Kh2 Qf4+ 33. Kh3 Rb8 34. Rf7 1-0

[Event "BCF-ch Major op"]
[Site "Aberystwyth"]
[Date "2014.07.31"]
[Round "11"]
[White "Herring, Samuel"]
[Black "French, Max"]
[Result "1-0"]
[WhiteElo "1733"]
[BlackElo "1681"]
[PlyCount "75"]
[EventDate "2014.07.21"]
[EventType "swiss"]
[EventRounds "11"]
[EventCountry "WLS"]
[SourceTitle "EXT 2017"]
[Source "ChessBase"]
[SourceDate "2016.10.25"]
[SourceVersion "1"]
[SourceVersionDate "2016.10.25"]
[SourceQuality "1"]

1. d4 Nf6 2. c4 e6 3. Nc3 Bb4 4. e3 0-0 5. Nge2 d5 6. a3 Bd6 7. Ng3 dxc4 8. Bxc4 e5 9. d5 c6 10. e4 Bc5 11. 0-0 Bg4 12. Qb3 Qc8 13. Bg5 Nh5 14. Nxh5 Bxh5 15. Be3 Bxe3 16. fxe3 Bg6 17. Rad1 Nd7 18. dxc6 bxc6 19. Be6 Nc5 20. Bxc8 Nxb3 21. Bb7 Rab8 22. Bxc6 Na5 23. Bb5 Bxe4 24. b4 Nb3 25. Nxe4 Rxb5 26. Rd3 Na5 27. bxa5 Rxa5 28. Rc1 f5 29. Ng5 h6 30. Ne6 Re8 31. Rc6 Ra4 32. h3 f4 33. exf4 exf4 34. Rd7 Kh8 35. Nxg7 Rb8 36. Nh5 f3 37. Rxh6+ Kg8 38. Nf6+ 1-0

[Event "BCF-ch Major op"]
[Site "Aberystwyth"]
[Date "2014.07.28"]
[Round "7"]
[White "Mahoney, Nicholas"]
[Black "Herring, Samuel"]
[Result "0-1"]
[WhiteElo "1764"]
[BlackElo "1733"]
[PlyCount "44"]
[EventDate "2014.07.21"]
[EventType "swiss"]
[EventRounds "11"]
[EventCountry "WLS"]
[SourceTitle "EXT 2017"]
[Source "ChessBase"]
[SourceDate "2016.10.25"]
[SourceVersion "1"]
[SourceVersionDate "2016.10.25"]
[SourceQuality "1"]

1. e4 e6 2. d4 d5 3. Nd2 Nf6 4. e5 Nfd7 5. Bd3 c5 6. c3 Nc6 7. Ne2 cxd4 8. cxd4 f6 9. exf6 Nxf6 10. Nf3 Bd6 11. Bf4 Bxf4 12. Nxf4 0-0 13. 0-0 Qd6 14. Ne2 Bd7 15. Rc1 Ng4 16. h3 Rxf3 17. hxg4 Rf7 18. Bb1 e5 19. dxe5 Nxe5 20. f3 Bxg4 21. fxg4 Nxg4 22. g3 Qh6 0-1